Zwycięzcy złotego buta - Statystyki

Ogólne statystyki
  • Ten quiz został rozwiązany 55 razy
  • Średni wynik to 24 z 57
Statystyki odpowiedzi
Sezon wygrania Narodowość Liczba goli Zwycięzca % Poprawnych
2009/2010 Argentyna 34 Messi
100%
2011/2012 Argentyna 50 Messi
100%
2012/2013 Argentyna 46 Messi
100%
2016/2017 Argentyna 37 Messi
100%
2017/2018 Argentyna 34 Messi
100%
2018/2019 Argentyna 36 Messi
100%
1996/1997 Brazylia 34 Ronaldo
100%
2007/2008 Portugalia 31 Ronaldo
100%
2010/2011 Portugalia 40 Ronaldo
100%
2013/2014 Portugalia 31 Ronaldo
100%
2014/2015 Portugalia 48 Ronaldo
100%
2020/2021 Polska 41 Lewandowski
96%
2021/2022 Polska 35 Lewandowski
96%
2022/2023 Norwegia 36 Haaland
92%
2023/2024 Anglia 36 Kane
92%
2015/2016 Urugwaj 40 Suarez
88%
2019/2020 Włochy 36 Immobile
80%
2008/2009 Urugwaj 32 Forlan
69%
2003/2004 Francja 30 Henry
65%
2004/2005 Francja 25 Henry
65%
1967/1968 Portugalia 42 Eusebio
61%
1972/1973 Portugalia 40 Eusebio
61%
2006/2007 Włochy 26 Totti
45%
1985/1986 Holandia 37 Van Basten
45%
1969/1970 Niemcy 38 Muller
39%
1971/1972 Niemcy 40 Muller
39%
2000/2001 Szwecja 35 Larsson
35%
1983/1984 Walia 32 Rush
31%
1989/1990 Meksyk 38 Sanchez
27%
2005/2006 Włochy 31 Toni
22%
1998/1999 Brazylia 36 Jardel
12%
2001/2002 Brazylia 42 Jardel
12%
2002/2003 Holandia 29 Makaay
12%
1977/1978 Austria 41 Krankl
8%
1991/1992 Szkocja 34 McCoist
8%
1992/1993 Szkocja 34 McCoist
8%
1986/1987 Rumunia 44 Camataru
6%
1982/1983 Portugalia 36 Gomes
6%
1984/1985 Portugalia 39 Gomes
6%
1997/1998 Grecja 34 Machlas
6%
1988/1989 Rumunia 43 Mateut
6%
1990/1991 Macedonia 34 Panczew
6%
1999/2000 Anglia 30 Phillips
6%
1993/1994 Walia 43 Taylor
6%
1973/1974 Argentyna 46 Yazalde
6%
1968/1969 Bułgaria 36 Żekow
6%
1994/1995 Armenia 39 Awetisjan
4%
1987/1988 Turcja 39 Colak
4%
1995/1996 Gruzja 40 Endeladze
4%
1974/1975 Rumunia 33 Georgescu
4%
1976/1977 Rumunia 47 Georgescu
4%
1975/1976 Cypr 39 Kaiafas
4%
1981/1982 Holandia 32 Kieft
4%
1978/1979 Holandia 34 Kist
4%
1980/1981 Bułgaria 31 Sławkow
4%
1979/1980 Belgia 39 Vandenbergh
4%
1970/1971 Chorwacja 44 Skrobal
0%
Nie znaleziono quizów pasujących do podanych kryteriów
Rozkład punktacji
Procent ludzi z każdym wynikiem
Percentyl według liczby udzielonych odpowiedzi
Twoja historia wyników
Nie rozwiązałeś tego quizu